Hoá học nước tự nhiên
Đại cương về nước tự nhiên, sự phân bố, phân loại thành phần hoá học, đặc tính vật lý, độ PH của dung dịch, độ axit của nước, điều kiện ôxy hoá khử, ôxy hoà tan...
Αποθηκεύτηκε σε:
| Κύριος συγγραφέας: | |
|---|---|
| Μορφή: | Βιβλίο |
| Γλώσσα: | Vietnamese |
| Έκδοση: |
H.
Đại học Quốc gia Hà Nội
2007
|
| Θέματα: | |
| Ετικέτες: |
Προσθήκη ετικέτας
Δεν υπάρχουν, Καταχωρήστε ετικέτα πρώτοι!
|
| Thư viện lưu trữ: | Mạng thư viện Đại học Đà Nẵng |
|---|
| LEADER | 01358nam a2200361 4500 | ||
|---|---|---|---|
| 001 | 000008581 | ||
| 003 | 4771 | ||
| 005 | 20111019151055.0 | ||
| 008 | 111019s2007 viesd | ||
| 020 | |c 38500đ | ||
| 041 | 0 | |a vie | |
| 082 | |a 553.7 |b TR-L | ||
| 100 | 0 | |a Trần Ngọc Lan | |
| 245 | 0 | |a Hoá học nước tự nhiên |c Trần Ngọc Lan | |
| 260 | |a H. |b Đại học Quốc gia Hà Nội |c 2007 | ||
| 300 | |a 231tr. |c 24cm | ||
| 504 | |a Thư mục: tr. 230-231 | ||
| 520 | |a Đại cương về nước tự nhiên, sự phân bố, phân loại thành phần hoá học, đặc tính vật lý, độ PH của dung dịch, độ axit của nước, điều kiện ôxy hoá khử, ôxy hoà tan... | ||
| 653 | |a Nước tự nhiên | ||
| 653 | |a Tính chất hóa học | ||
| 653 | |a Tính chất vật lí | ||
| 700 | |a Trần Ngọc Lan |e Tác giả | ||
| 910 | |a MPhuong |d 19/10 | ||
| OWN | |a LSP | ||
| AVA | |a UDN50 |b LSP |d 553.7 TR-L |e available |t Error 5001 Not defined in file expand_doc_bib_avail. |f 4 |g 0 |h N |i 0 |k 1 | ||
| 999 | |a From the UDN01 | ||
| AVA | |a UDN50 |b LSP |d 553.7 TR-L |e available |t Error 5001 Not defined in file expand_doc_bib_avail. |f 4 |g 0 |h N |i 0 |k 1 | ||
| TYP | |a Monograph | ||
| TYP | |a Printed language | ||
| 980 | |a Mạng thư viện Đại học Đà Nẵng | ||